000 00591nam a2200193Ia 4500
005 20260114185559.0
008 008 260114s9999 xx 000 0 eng d
020 _a9781350126060
037 _aEBOOK
040 _aCRL
_beng
_cCRL
041 _aeng
_2eng
084 _qCRL
100 _aMichael Laver
_9871810
245 4 _aThe Dutch East India Company in Early Modern Japan Gift Giving and Diplomacy
260 _bBloomsbury
_c2020
856 _uhttps://doi.org/10.5040/9781350126060?locatt=label:secondary_bloomsburyCollections
942 _cEBOOK
999 _c1470758
_d1470758